书目信息 |
| 题名: |
论物价改革
|
|
| 作者: | 高翔 著 | |
| 分册: | ||
| 出版信息: | 北京 中国社会科学出版社 1982 |
|
| 页数: | 233页 | |
| 开本: | 19cm | |
| 丛书名: | ||
| 单 册: | ||
| 中图分类: | F726.1 | |
| 科图分类: | ||
| 主题词: | 价格-经济改革--中国 , 经济改革-价格--中国 | |
| 电子资源: | ||
| ISBN: | ||
| 000 | 00621nam0 2200241 45 | |
| 001 | 0182003811 | |
| 005 | 20060820150646.85 | |
| 010 | @dCNY0.71 | |
| 091 | @aCN@b4190.115 | |
| 100 | @a19950524d1982 em y0chiy0121 ea | |
| 101 | 0 | @achi |
| 102 | @aCN@b110000 | |
| 105 | @ay z 000yy | |
| 200 | 10 | @a论物价改革@Alun wu jia gai ge@f高翔著 |
| 210 | @a北京@c中国社会科学出版社@d1982 | |
| 215 | @a233页@d19cm | |
| 606 | @a价格-经济改革@y中国 | |
| 606 | @a经济改革-价格@y中国 | |
| 690 | @aF726.1@v3 | |
| 701 | 0 | @a高翔@Agao xiang@4著 |
| 801 | 0 | @aCN@bTSSF@c20060820 |
| 801 | 2 | @aCN@bNLC@c20060721 |
| 905 | @dF726.1@e21 | |
| 论物价改革/高翔著.-北京:中国社会科学出版社,1982 |
| 233页;19cm |
| ISBN :CNY0.71 |
| ● |
| 相关链接 |
|
|
|
|
正题名:论物价改革
索取号:F726.1/21
 
预约/预借
| 序号 | 登录号 | 条形码 | 馆藏地/架位号 | 状态 | 备注 |
| 1 | 0424931 | 204249312 | 密集书库/ [索取号:F726.1/21] | 在馆 | |
| 2 | 0471685 | 204716851 | 密集书库/ [索取号:F726.1/21] | 在馆 |